Instrucción e.m. 62 para estructuras de acero
Gespeichert in:
| Körperschaft: | |
|---|---|
| Format: | Buch |
| Sprache: | Spanisch |
| Veröffentlicht: |
Madrid
Patronato de Investigación Científica y Técnica Juan de la Cierva
1969
|
| Ausgabe: | 3a. ed |
| Schriftenreihe: | Normas y manuales
|
| Schlagworte: | |
| Tags: |
Tag hinzufügen
Keine Tags, Fügen Sie den ersten Tag hinzu!
|
MARC
| LEADER | 00000nam a2200000 a 4500 | ||
|---|---|---|---|
| 001 | UCU6153 | ||
| 003 | CL-VaPUC | ||
| 008 | 960614e19690000SP |||||||||||||||||spa|d | ||
| 082 | 0 | 4 | |a 624.177 |b INS |2 21 |
| 110 | 2 | |a Instituto Eduardo Torroja |e author |9 364282 | |
| 245 | 1 | 0 | |a Instrucción e.m. 62 para estructuras de acero |
| 250 | |a 3a. ed | ||
| 300 | |a 293 p | ||
| 942 | |c BK | ||
| 945 | |d 19960614 00:00:00 |a paguirre | ||
| 260 | |a Madrid |b Patronato de Investigación Científica y Técnica Juan de la Cierva |c 1969 | ||
| 650 | 0 | |a Estructuras |9 271908 | |
| 650 | 0 | |a Elementos estructurales |9 350100 | |
| 650 | 0 | |a Materiales de construcción |9 260197 | |
| 650 | 0 | |a Aceros |9 260685 | |
| 650 | 7 | |a NORMAS DE EDIFICACION |2 CL-VaPUC |9 364283 | |
| 583 | |a last modification |c 19960614 00:00:00 |k Rodrigo Vera | ||
| 490 | 0 | |a Normas y manuales | |
| 999 | |c 249178 |d 249176 | ||